[Event "BIH-chT 17th"]
[Site "Jahorina"]
[Date "2018.06.09"]
[Round "8.4"]
[White "Burovic, Rijad"]
[Black "Doder, Sava"]
[Result "1-0"]
[WhiteElo "2341"]
[BlackElo "2162"]
[PlyCount "59"]
[EventDate "2018.06.02"]
[EventType "team-tourn"]
[EventRounds "9"]
[EventCountry "BIH"]
[SourceTitle "CBM 184 Extra"]
[Source "ChessBase"]
[SourceDate "2018.06.28"]
[SourceVersion "1"]
[SourceVersionDate "2018.06.28"]
[SourceQuality "1"]
[WhiteTeam "Sarajevo Napredak"]
[BlackTeam "Gacko Mladost"]
[WhiteTeamCountry "BIH"]
[BlackTeamCountry "BIH"]

1. e4 e6 2. d3 d5 3. Nd2 Nf6 4. Ngf3 Nc6 5. c3 a5 6. Be2 dxe4 7. dxe4 Bc5 8. e5 Ng4 9. Ne4 Qxd1+ 10. Bxd1 Be7 11. Bf4 h5 12. h3 Nh6 13. g4 h4 14. Be2 Bd7 15. 0-0-0 0-0-0 16. Rd2 f6 17. Rhd1 Nf7 18. exf6 gxf6 19. Bc4 Nb8 20. Nd4 e5 21. Bxf7 exd4 22. Rxd4 f5 23. gxf5 Bxf5 24. Bg5 Rxd4 25. Rxd4 Nc6 26. Rd2 Rf8 27. Bd5 Bxh3 28. Bxc6 bxc6 29. Bxe7 Re8 30. Ng5 1-0

[Event "Srpska Republic-chT 1st League"]
[Site "Banja Dvorovi"]
[Date "2017.08.17"]
[Round "6.1"]
[White "Bircakovic, Mile"]
[Black "Doder, Sava"]
[Result "1-0"]
[WhiteElo "2193"]
[BlackElo "2177"]
[PlyCount "135"]
[EventDate "2017.08.12"]
[EventType "team-tourn"]
[EventRounds "9"]
[EventCountry "BIH"]
[SourceTitle "EXT 2019"]
[Source "ChessBase"]
[SourceDate "2018.10.10"]
[SourceVersion "1"]
[SourceVersionDate "2018.10.10"]
[SourceQuality "1"]
[WhiteTeam "Zvornik Drina"]
[BlackTeam "Gacko Mladost"]
[WhiteTeamCountry "BIH"]
[BlackTeamCountry "BIH"]

1. e4 e6 2. d4 d5 3. e5 c5 4. c3 Nc6 5. Nf3 Nge7 6. Na3 Nf5 7. Nc2 cxd4 8. cxd4 Be7 9. Be2 Bd7 10. 0-0 Qb6 11. b3 Rc8 12. g4 Nh4 13. Nxh4 Bxh4 14. Be3 Be7 15. Qd2 Nb4 16. Rfc1 Nxc2 17. Rxc2 Rxc2 18. Qxc2 0-0 19. a4 Rc8 20. Qd3 Qa5 21. Bd2 Bb4 22. Ra2 b5 23. Bxb4 Qxb4 24. axb5 Rc1+ 25. Kg2 g6 26. Qe3 Rc7 27. Qg5 Qf8 28. Qd2 Rb7 29. Ra5 Qb8 30. Qb4 Kg7 31. Qc5 Rc7 32. Qd6 Qc8 33. Ra6 Qb7 34. b6 axb6 35. Rxb6 Qa7 36. b4 Rb7 37. Rxb7 Qxb7 38. Qc5 Be8 39. b5 Bd7 40. b6 Qa8 41. Bb5 Bc8 42. Bc6 Qa6 43. Qb4 Qe2 44. h3 Ba6 45. Qc3 Bd3 46. g5 Qf1+ 47. Kg3 Qg1+ 48. Kf3 Qd1+ 49. Kf4 h6 50. h4 h5 51. Qb2 Qe1 52. f3 Qxh4+ 53. Ke3 Bf5 54. Kd2 Qxg5+ 55. Kc3 Qe3+ 56. Kb4 Qe1+ 57. Kc5 Qa5+ 58. Kd6 h4 59. Kd7 h3 60. b7 Qa7 61. Kc8 Qa6 62. Kd8 Qa5+ 63. Ke8 h2 64. Qxh2 Qc7 65. Qb2 Qb8+ 66. Kd7 Qa7 67. Kc8 Qa6 68. Qb5 1-0

[Event "Srpska Republic-chT 1st League"]
[Site "Banja Dvorovi"]
[Date "2017.08.12"]
[Round "1.3"]
[White "Milutinovic, Stefana"]
[Black "Doder, Sava"]
[Result "1-0"]
[WhiteElo "2136"]
[BlackElo "2177"]
[PlyCount "73"]
[EventDate "2017.08.12"]
[EventType "team-tourn"]
[EventRounds "9"]
[EventCountry "BIH"]
[SourceTitle "EXT 2019"]
[Source "ChessBase"]
[SourceDate "2018.10.10"]
[SourceVersion "1"]
[SourceVersionDate "2018.10.10"]
[SourceQuality "1"]
[WhiteTeam "Rogatica Gorski Termag"]
[BlackTeam "Gacko Mladost"]
[WhiteTeamCountry "BIH"]
[BlackTeamCountry "BIH"]

1. d4 e6 2. c4 d5 3. Nc3 c5 4. e3 Nf6 5. Nf3 Nc6 6. a3 a6 7. dxc5 Bxc5 8. b4 Ba7 9. Be2 0-0 10. 0-0 Qc7 11. Qb3 dxc4 12. Bxc4 b5 13. Be2 Bb7 14. Bb2 Ne5 15. Rac1 Nxf3+ 16. gxf3 Bb8 17. f4 Qc6 18. f3 Qb6 19. Nd1 Bxf4 20. Kh1 Bh6 21. Rg1 Nd5 22. Bd4 Qd8 23. Nf2 f5 24. Nd3 Re8 25. Nc5 Bc8 26. Rcd1 Qe7 27. f4 Bb7 28. Bf3 Bc6 29. Rg3 g6 30. Rdg1 Kf7 31. Rh3 Qf8 32. Qb2 Ne7 33. Qf2 Bxf3+ 34. Qxf3 Nd5 35. Nd7 Qd6 36. Rxh6 Kg8 37. Rgxg6+ 1-0

[Event "BIH-chT Seniors"]
[Site "Mosko"]
[Date "2015.08.17"]
[Round "8"]
[White "Doder, Sava"]
[Black "Borojevic, Dragoljub"]
[Result "1-0"]
[WhiteElo "2150"]
[BlackElo "2236"]
[PlyCount "103"]
[EventDate "2015.08.10"]
[EventType "team-tourn"]
[EventRounds "9"]
[EventCountry "BIH"]
[SourceTitle "EXT 2016"]
[Source "ChessBase"]
[SourceDate "2015.10.08"]
[SourceVersion "1"]
[SourceVersionDate "2015.10.08"]
[SourceQuality "1"]

1. d4 d5 2. c4 e5 3. dxe5 d4 4. Nf3 Nc6 5. g3 Bg4 6. Bg2 Bb4+ 7. Nbd2 Qd7 8. 0-0 Bxd2 9. Qxd2 a5 10. b3 Nge7 11. Bb2 Rd8 12. Rfe1 0-0 13. Rad1 Qf5 14. Qf4 b6 15. Nxd4 Nxd4 16. Bxd4 c5 17. Ba1 Bxe2 18. Rxd8 Rxd8 19. Qxf5 Nxf5 20. Bd5 Bh5 21. e6 Kf8 22. e7+ Nxe7 23. Bxg7+ Kxg7 24. Rxe7 Rd6 25. f3 Bg6 26. Kf2 Kf6 27. Re2 b5 28. g4 a4 29. f4 Bb1 30. Rb2 Bd3 31. Ke3 a3 32. Rd2 Bf1 33. g5+ Kg7 34. cxb5 Bxb5 35. Bc4 Rb6 36. Bxb5 Rxb5 37. Rc2 Kg6 38. Ke4 Kh5 39. Rc4 Kg4 40. Kd5 Rb8 41. Kxc5 Re8 42. Kb4 h5 43. gxh6 Re6 44. Kxa3 Ra6+ 45. Kb2 Rxh6 46. a4 Rxh2+ 47. Ka3 Rh5 48. Kb4 Rh1 49. a5 Ra1 50. Kb5 Kf3 51. a6 Ke3 52. Kb6 1-0

[Event "Srpska Republic-chT 1st League"]
[Site "Banja Vrucica"]
[Date "2014.08.15"]
[Round "7.2"]
[White "Doder, Sava"]
[Black "Pandurevic, Miro"]
[Result "0-1"]
[WhiteElo "2161"]
[BlackElo "2271"]
[PlyCount "106"]
[EventDate "2014.08.09"]
[EventType "team-tourn"]
[EventRounds "9"]
[EventCountry "BIH"]
[SourceTitle "EXT 2016"]
[Source "ChessBase"]
[SourceDate "2015.10.08"]
[SourceVersion "1"]
[SourceVersionDate "2015.10.08"]
[SourceQuality "1"]
[WhiteTeam "Gacko Mladost"]
[BlackTeam "Samac"]
[WhiteTeamCountry "BIH"]
[BlackTeamCountry "BIH"]

1. d4 Nf6 2. Nf3 d6 3. Nc3 Nbd7 4. e4 e5 5. Bc4 Be7 6. 0-0 0-0 7. Re1 c6 8. a4 Qc7 9. Bg5 Re8 10. Qd2 Nf8 11. h3 Be6 12. d5 Bc8 13. Rad1 c5 14. Nxe5 h6 15. Bxf6 Bxf6 16. Nf3 Ng6 17. Bf1 a6 18. Nb1 Bd7 19. b3 b5 20. axb5 axb5 21. Nc3 Qa5 22. Nb1 Qa1 23. Bd3 Qb2 24. Kh2 Rac8 25. Bf1 c4 26. bxc4 bxc4 27. c3 Qa1 28. g3 h5 29. Nd4 h4 30. Nc2 hxg3+ 31. fxg3 Qa5 32. Nca3 Ne5 33. Kg2 Ba4 34. Rc1 Bb3 35. Nc2 Qd8 36. Ne3 Ra8 37. Qf2 Ra2 38. Nd2 Qa5 39. Kh1 Bg5 40. h4 Bh6 41. g4 Nxg4 42. Nxg4 Bxd2 43. Qg3 Qd8 44. Ra1 Bxe1 45. Rxe1 Kh8 46. Bg2 Rd2 47. e5 Bd1 48. exd6 Bxg4 49. Rxe8+ Qxe8 50. Qxg4 Qe1+ 51. Kh2 Qe5+ 52. Qg3 Qxd5 53. d7 Qxd7 0-1

[Event "Srpska Republic-chT 1st League"]
[Site "Banja Vrucica"]
[Date "2014.08.09"]
[Round "1.3"]
[White "Borojevic, Dragoljub"]
[Black "Doder, Sava"]
[Result "0-1"]
[WhiteElo "2265"]
[BlackElo "2161"]
[PlyCount "88"]
[EventDate "2014.08.09"]
[EventType "team-tourn"]
[EventRounds "9"]
[EventCountry "BIH"]
[SourceTitle "EXT 2016"]
[Source "ChessBase"]
[SourceDate "2015.10.08"]
[SourceVersion "1"]
[SourceVersionDate "2015.10.08"]
[SourceQuality "1"]
[WhiteTeam "Zvornik Drina"]
[BlackTeam "Gacko Mladost"]
[WhiteTeamCountry "BIH"]
[BlackTeamCountry "BIH"]

1. e4 e6 2. d4 d5 3. exd5 exd5 4. Nf3 Bd6 5. Bd3 Ne7 6. 0-0 Bg4 7. h3 Bh5 8. Re1 Nbc6 9. c3 Qd7 10. Nbd2 Bg6 11. Nf1 Bxd3 12. Qxd3 0-0 13. Bg5 Ng6 14. Re2 Rfe8 15. Rae1 Rxe2 16. Rxe2 f6 17. Bd2 Nce7 18. Ng3 Bxg3 19. fxg3 Nf5 20. Nh2 Nd6 21. h4 Ne4 22. Be1 Kf7 23. c4 Re8 24. Qb3 Nd6 25. Rxe8 Qxe8 26. Bb4 Nxc4 27. h5 Ne7 28. Qf3 Qd7 29. b3 Nd6 30. Ng4 Qe6 31. Bxd6 Qxd6 32. Qd3 Qe6 33. Ne3 Qe4 34. Qc3 Nc6 35. Nc2 Ke6 36. Kh2 Qe2 37. b4 a6 38. h6 Qh5+ 39. Kg1 Qxh6 40. Ne3 Qg6 41. Nxd5 Kxd5 42. Qc5+ Ke4 43. a4 Qxg3 44. d5 Nd4 0-1

[Event "BIH-chT Cup"]
[Site "Banja Vrucica"]
[Date "2013.08.18"]
[Round "9"]
[White "Doder, Sava"]
[Black "Cvijic, Nevenko"]
[Result "1-0"]
[WhiteElo "2097"]
[BlackElo "2146"]
[PlyCount "75"]
[EventDate "2013.08.10"]
[EventType "team-tourn"]
[EventRounds "9"]
[EventCountry "BIH"]
[SourceTitle "CBM 155 Extra"]
[Source "ChessBase"]
[SourceDate "2013.08.26"]
[SourceVersion "1"]
[SourceVersionDate "2013.08.26"]
[SourceQuality "1"]

1. Nf3 Nf6 2. d4 g6 3. c4 Bg7 4. Nc3 d5 5. Bg5 Ne4 6. Bf4 Nxc3 7. bxc3 c5 8. e3 0-0 9. Be2 cxd4 10. cxd4 Nc6 11. 0-0 b6 12. Rc1 dxc4 13. Bxc4 Bb7 14. Qa4 a6 15. Qa3 Re8 16. Rfd1 b5 17. Bb3 Rc8 18. d5 Qa5 19. Qc5 Nd4 20. exd4 Rxc5 21. dxc5 Qb4 22. Bd2 Qa3 23. Bf4 a5 24. c6 Bc8 25. d6 exd6 26. Ng5 Re6 27. Nxe6 fxe6 28. Rxd6 g5 29. Rd8+ Kf7 30. Be3 a4 31. Bc2 Ba6 32. Ra8 Bb2 33. Rd1 Qc3 34. Be4 Qc4 35. f3 b4 36. h4 gxh4 37. Rd7+ Kf6 38. Rf8+ 1-0

[Event "BIH-chT Cup"]
[Site "Banja Vrucica"]
[Date "2013.08.17"]
[Round "8"]
[White "Ilic, Slavisa"]
[Black "Doder, Sava"]
[Result "1-0"]
[WhiteElo "2103"]
[BlackElo "2097"]
[PlyCount "121"]
[EventDate "2013.08.10"]
[EventType "team-tourn"]
[EventRounds "9"]
[EventCountry "BIH"]
[SourceTitle "CBM 155 Extra"]
[Source "ChessBase"]
[SourceDate "2013.08.26"]
[SourceVersion "1"]
[SourceVersionDate "2013.08.26"]
[SourceQuality "1"]

1. d4 e6 2. g3 f5 3. Bg2 Nf6 4. c4 c6 5. Nf3 Be7 6. 0-0 0-0 7. b3 a5 8. Nc3 d5 9. Bf4 Ne4 10. Nxe4 fxe4 11. Ne5 c5 12. Qd2 cxd4 13. Qxd4 g5 14. Ng4 h5 15. Bxb8 Rxb8 16. Ne3 Bf6 17. Qa7 Qc7 18. Rad1 d4 19. Nc2 e5 20. Na3 Bd7 21. c5 Be7 22. Nc4 Bxc5 23. Qxa5 Qxa5 24. Nxa5 Bg4 25. Rc1 b6 26. Nc6 Rbc8 27. Rxc5 bxc5 28. Ne7+ Kg7 29. Nxc8 Rxc8 30. f3 Be6 31. fxe4 c4 32. bxc4 Rxc4 33. Ra1 Rc2 34. a4 Rxe2 35. Bf3 Re3 36. Bxh5 d3 37. Kf2 Rxe4 38. Bf3 Rd4 39. Ke3 g4 40. Bd1 Bf5 41. a5 Rd7 42. a6 Ra7 43. Bb3 Kf6 44. Bd5 Ke7 45. Bb7 Kd6 46. Ra5 Bg6 47. Rd5+ Ke6 48. Rc5 Bf5 49. Rc8 Kd7 50. Rf8 Be6 51. Kxd3 e4+ 52. Kxe4 Bc4 53. Rf6 Be2 54. Ke5 Ke7 55. Rh6 Bd3 56. Re6+ Kf7 57. Rd6 Bc2 58. Rd7+ Kf8 59. Rd8+ Kg7 60. Rd6 Bb3 61. Rd4 1-0

[Event "BIH-chT Cup"]
[Site "Banja Vrucica"]
[Date "2013.08.13"]
[Round "4"]
[White "Babic, Drasko"]
[Black "Doder, Sava"]
[Result "1-0"]
[WhiteElo "2283"]
[BlackElo "2097"]
[PlyCount "59"]
[EventDate "2013.08.10"]
[EventType "team-tourn"]
[EventRounds "9"]
[EventCountry "BIH"]
[SourceTitle "CBM 155 Extra"]
[Source "ChessBase"]
[SourceDate "2013.08.26"]
[SourceVersion "1"]
[SourceVersionDate "2013.08.26"]
[SourceQuality "1"]

1. e4 c5 2. Nf3 Nc6 3. Nc3 e6 4. d4 cxd4 5. Nxd4 Qc7 6. Be3 Nf6 7. f3 a6 8. Qd2 d6 9. g4 Be7 10. g5 Nd7 11. 0-0-0 0-0 12. h4 Nxd4 13. Qxd4 b5 14. h5 f6 15. g6 h6 16. Qd2 Rd8 17. Bxh6 Nc5 18. Be3 b4 19. Ne2 b3 20. Kb1 bxc2+ 21. Qxc2 Rb8 22. h6 Bd7 23. Bxc5 Qxc5 24. Qxc5 dxc5 25. Nf4 gxh6 26. Bc4 Rb6 27. Rxh6 Ba4 28. Rxd8+ Bxd8 29. Bxe6+ Kg7 30. Rh7+ 1-0

[Event "BIH-chT Cup"]
[Site "Banja Vrucica"]
[Date "2013.08.12"]
[Round "3"]
[White "Doder, Sava"]
[Black "Pisarevic, Goran"]
[Result "1-0"]
[WhiteElo "2097"]
[BlackElo "2187"]
[PlyCount "77"]
[EventDate "2013.08.10"]
[EventType "team-tourn"]
[EventRounds "9"]
[EventCountry "BIH"]
[SourceTitle "CBM 155 Extra"]
[Source "ChessBase"]
[SourceDate "2013.08.26"]
[SourceVersion "1"]
[SourceVersionDate "2013.08.26"]
[SourceQuality "1"]

1. d4 Nf6 2. Nf3 e6 3. Bg5 c5 4. Bxf6 Qxf6 5. e3 Nc6 6. Be2 g6 7. 0-0 cxd4 8. exd4 Bg7 9. c3 0-0 10. Nbd2 b6 11. Nc4 Qe7 12. Re1 d5 13. Ne3 Bb7 14. Bb5 Qc7 15. Ng4 a6 16. Bd3 Na5 17. Qc1 Nc4 18. Nfe5 Rac8 19. h4 f5 20. Bxc4 dxc4 21. Nh2 Qe7 22. Qf4 Bf6 23. Nhf3 Bd5 24. Re3 Kg7 25. Kf1 b5 26. a3 Rg8 27. g4 fxg4 28. Nxg4 Rgf8 29. Ke2 Kg8 30. Ng5 Kg7 31. Rg1 Rce8 32. Nxh7 Kxh7 33. Qh6+ Kg8 34. Ne5 Bxe5 35. dxe5 Rf7 36. Rxg6+ Rg7 37. Reg3 Bf3+ 38. Ke1 Kf8 39. Qh8+ 1-0